Loading...
| Mythology | 0 | 4 | 0 | 2 | 40 | 48 | 75.75 | 0 | 2 | 13.06 | 22.78 |
| Social Science | 0 | 4 | 0 | 1 | 40 | 54 | 80.25 | 0 | 2 | 11.32 | 23.61 |
| History - European | 0 | 4 | 2 | 0 | 30 | 13 | 45.75 | 0 | 4 | 23.67 | 31.11 |
| Literature - American | 0 | 2 | 0 | 0 | 20 | 65 | 90.00 | 0 | 1 | 4.01 | 13.33 |
| Fine Arts - Classical Music | 0 | 2 | 0 | 0 | 20 | 64 | 66.50 | 0 | 2 | 7.85 | 16.39 |
| History - American | 0 | 2 | 1 | 2 | 15 | 70 | 70.50 | 0 | 0 | 6.37 | 7.78 |
| History - Other | 0 | 2 | 2 | 1 | 10 | 11 | 55.00 | 1 | 1 | 10.27 | 11.11 |
| Pop Culture | 0 | 1 | 0 | 0 | 10 | 73 | 73.00 | 0 | 0 | 6.10 | 4.44 |
| Current Events | 0 | 1 | 0 | 0 | 10 | 84 | 84.00 | 1 | 1 | 4.59 | 20.00 |
| Literature - British | 0 | 1 | 0 | 0 | 10 | 89 | 89.00 | 0 | 0 | 1.91 | 2.22 |
| Geography | 0 | 1 | 0 | 1 | 10 | 118 | 118.00 | 0 | 0 | 0.00 | 2.22 |
| Painting/Sculpture | 0 | 1 | 1 | 0 | 5 | 93 | 93.00 | 0 | 0 | 2.18 | 4.44 |
| Religion | 0 | 1 | 1 | 0 | 5 | 91 | 91.00 | 0 | 0 | 1.80 | 4.44 |
| Science - Chemistry | 0 | 0 | 0 | 0 | 0 | 0.00 | 0 | 0 | 0.00 | 0.00 | |
| Fine Arts - Other | 0 | 0 | 1 | 0 | -5 | 0.00 | 0 | 0 | 0.00 | 0.00 | |
| Science - Physics | 0 | 0 | 1 | 0 | -5 | 0.00 | 0 | 0 | 0.00 | 0.00 | |
| History - World | 0 | 1 | 3 | 0 | -5 | 80 | 80.00 | 0 | 1 | 2.59 | 6.67 |